Countries With Airports Named After Women - Statistics

General Stats
  • This quiz has been taken 38 times
  • The average score is 17 of 23
Answer Stats
Name Role Country % Correct
Ahilyabai Holkar Queen, Soldier India
97%
Indira Gandhi Prime Minister India
97%
Amelia Earhart Pilot, Novelist United States
97%
Hillary Clinton First Lady, Secretary of State United States
97%
Jacqueline Cochran Pilot, Soldier United States
97%
Beatrix Queen Netherlands
88%
Juliana Queen Netherlands
88%
Doña Sofía Queen Spain
85%
Rosalía de Castro Poet, Novelist Spain
85%
Mother Teresa Missionary, Saint Albania
82%
Nancy Bird Walton Aviatrix Australia
82%
Benazir Bhutto Prime Minister Pakistan
79%
Sabiha Gökçen Pilot, Novelist Turkey
79%
Cut Nyak Dhien Soldier, National Hero Indonesia
70%
Fatmawati First Lady, National Hero Indonesia
70%
Alia al-Hussein Queen Jordan
64%
Eunice Michiles Senator Brazil
58%
Josefa Camejo Revolutionary Venezuela
58%
Mary Saint Venezuela
58%
Juana Azurduy de Padilla Revolutionary, Soldier Bolivia
55%
María Montez Actress Dominican Republic
45%
Margaret Ekpo Activist, Politician Nigeria
39%
Tamar the Great Queen Georgia
30%
No matching quizzes found
Score Distribution
Percent of People with Each Score
Percentile by Number Answered
Your Score History
You have not taken this quiz